[Event "4NCL/Div2/GUI2 vs. BAR3"]
[Site "Telford ENG"]
[Date "2003.03.08"]
[Round "5.1"]
[White "Thompson, Ian D"]
[Black "Mack, Andrew"]
[Result "1-0"]
[WhiteElo "2256"]
[BlackElo "2272"]
[PlyCount "49"]
[EventDate "2003.03.08"]

1. c4 g6 2. Nc3 Bg7 3. g3 d6 4. Bg2 e5 5. d3 Nc6 6. e4 Nge7 7. Nge2 O-O 8. O-O
f5 9. Nd5 Be6 10. Be3 Qd7 11. Qd2 Rf7 12. Rae1 Raf8 13. f4 Nc8 14. exf5 gxf5
15. b3 Nd8 16. fxe5 dxe5 17. d4 e4 18. Ndf4 Re7 19. Nh5 f4 20. Nexf4 Bf5 21.
Nxg7 Rxg7 22. d5 Qe7 23. Bd4 Rg5 24. c5 Nf7 25. d6 1-0

[Event "4NCL/Div2/GUI2 vs. BAR3"]
[Site "Telford ENG"]
[Date "2003.03.08"]
[Round "5.2"]
[White "Hodgson, John H"]
[Black "Jackson, Adrian"]
[Result "1-0"]
[WhiteElo "2202"]
[BlackElo "2232"]
[PlyCount "39"]
[EventDate "2003.03.08"]

1. e4 c5 2. Nf3 d6 3. d4 cxd4 4. Nxd4 Nf6 5. Nc3 g6 6. Be3 Bg7 7. f3 Nc6 8. Qd2
O-O 9. Bc4 Bd7 10. O-O-O Rb8 11. Bb3 Na5 12. Bh6 b5 13. h4 Nxb3+ 14. Nxb3 Be6
15. h5 b4 16. Nd5 Bxd5 17. exd5 Bxh6 18. Qxh6 gxh5 19. g4 Qd7 20. g5 1-0

[Event "4NCL/Div2/GUI2 vs. BAR3"]
[Site "Telford ENG"]
[Date "2003.03.08"]
[Round "5.3"]
[White "Frostick, Clive A"]
[Black "Rich, Mark"]
[Result "1-0"]
[WhiteElo "2216"]
[BlackElo "2227"]
[PlyCount "60"]
[EventDate "2003.03.08"]

1. e4 c5 2. Nf3 d6 3. d4 cxd4 4. Nxd4 Nf6 5. Nc3 a6 6. g3 e5 7. Nde2 b5 8. Bg2
Bb7 9. O-O Nbd7 10. h3 b4 11. Nd5 Nxd5 12. exd5 Rc8 13. a3 a5 14. axb4 axb4 15.
b3 Qc7 16. Ra2 Qb6 17. Be3 Qb5 18. Qd2 Nc5 19. Rfa1 Rb8 20. Ra5 Qb6 21. Nc1 Bc8
22. Nd3 f6 23. R5a4 Qc7 24. Rxb4 Nxd3 25. Rxb8 Qxb8 26. Qxd3 Be7 27. Ra7 g6 28.
Qc3 Bd7 29. Qa5 Bd8 30. Qa3 Bc7 1-0

[Event "4NCL/Div2/GUI2 vs. BAR3"]
[Site "Telford ENG"]
[Date "2003.03.08"]
[Round "5.4"]
[White "Roberts, Paul"]
[Black "Granat, Russell G"]
[Result "1-0"]
[WhiteElo "2185"]
[BlackElo "2245"]
[PlyCount "125"]
[EventDate "2003.03.08"]

1. Nf3 d5 2. g3 c5 3. Bg2 Nc6 4. d3 e5 5. Nbd2 Nf6 6. e4 dxe4 7. dxe4 Be7 8.
O-O O-O 9. c3 Qc7 10. Qe2 b6 11. a4 Bb7 12. Nc4 Ba6 13. b3 Na5 14. Nfd2 Ne8 15.
f4 Nd6 16. Rb1 Ndxc4 17. Nxc4 Bf6 18. f5 Rad8 19. Re1 Bxc4 20. bxc4 Rd6 21. Be3
Rfd8 22. Bf1 Qc6 23. Qc2 h6 24. h4 Kh7 25. Be2 Qd7 26. Kg2 Nc6 27. Rbd1 Nd4 28.
cxd4 cxd4 29. c5 bxc5 30. Bb5 Qc7 31. Bf2 Rb6 32. Rc1 Be7 33. Bc4 Bd6 34. Rb1
Rdb8 35. Rxb6 Rxb6 36. Rb1 Rb4 37. Be1 Rxb1 38. Qxb1 g6 39. fxg6+ Kxg6 40. Qb5
Qe7 41. Qc6 Kg7 42. Qc8 Qf6 43. Qg4+ Qg6 44. Qxg6+ Kxg6 45. g4 f6 46. h5+ Kg5
47. Kf3 Bf8 48. Kg3 f5 49. Bd2+ f4+ 50. Kf3 Kf6 51. Ba5 Ke7 52. Bc7 Bg7 53. Bb5
c4 54. Bxc4 Kd7 55. Bb8 a5 56. Bb5+ Kc8 57. Bd6 Kd8 58. Ke2 Kc8 59. Kd2 Bf6 60.
Be2 Kd7 61. Bf8 Bg5 62. Kd3 Kc6 63. Kc4 1-0

[Event "4NCL/Div2/GUI2 vs. BAR3"]
[Site "Telford ENG"]
[Date "2003.03.08"]
[Round "5.5"]
[White "Richardson, Keith B"]
[Black "Smallbone, Kieran"]
[Result "1-0"]
[WhiteElo "2141"]
[BlackElo "2156"]
[PlyCount "67"]
[EventDate "2003.03.08"]

1. c4 c6 2. Nf3 d5 3. b3 Nf6 4. g3 Bg4 5. Bg2 e6 6. O-O Be7 7. Bb2 Nbd7 8. d3
O-O 9. Nbd2 Qc7 10. Qc2 Rac8 11. e4 dxe4 12. dxe4 e5 13. h3 Bh5 14. Nh4 Rfe8
15. Nf5 Bf8 16. Rfe1 Nc5 17. b4 Ne6 18. c5 b5 19. a4 a5 20. axb5 cxb5 21. bxa5
Bxc5 22. Nb3 Bb4 23. Qxc7 Nxc7 24. Rec1 g6 25. Ne3 Be2 26. a6 Nd7 27. a7 Nb6
28. Rc6 Na4 29. Bxe5 Na8 30. Rxc8 Rxc8 31. Nd5 Bf8 32. Nd4 Bc4 33. Rc1 Rd8 34.
Nc6 1-0

[Event "4NCL/Div2/GUI2 vs. BAR3"]
[Site "Telford ENG"]
[Date "2003.03.08"]
[Round "5.6"]
[White "Williamson, Paul L"]
[Black "Anderton, Matthew N"]
[Result "1-0"]
[WhiteElo "2149"]
[BlackElo "2208"]
[PlyCount "85"]
[EventDate "2003.03.08"]

1. d4 Nf6 2. c4 e6 3. Nc3 Bb4 4. Qc2 c5 5. dxc5 Na6 6. a3 Bxc3+ 7. Qxc3 Nxc5 8.
f3 d5 9. cxd5 b6 10. b4 Na4 11. Qc2 b5 12. e4 a6 13. Bg5 O-O 14. Bd3 h6 15. Bh4
Re8 16. d6 g5 17. Bg3 e5 18. Rd1 Bb7 19. Ne2 Rc8 20. Qb3 Qd7 21. Bb1 Rc6 22.
Ba2 Nb6 23. Bf2 Nc4 24. Bc5 Qe6 25. O-O Nd7 26. Bf2 Rxd6 27. Rxd6 Qxd6 28. Rd1
Qc7 29. Ng3 Ndb6 30. Nf5 Kh7 31. Kf1 Bc8 32. Ne3 Be6 33. Nd5 Nxd5 34. exd5 Bf5
35. d6 Qc6 36. Bc5 e4 37. Qc3 exf3 38. Bxc4 fxg2+ 39. Kg1 bxc4 40. Qxc4 Bg6 41.
Qg4 f5 42. Qxg2 Qxg2+ 43. Kxg2 1-0

[Event "4NCL/Div2/GUI2 vs. BAR3"]
[Site "Telford ENG"]
[Date "2003.03.08"]
[Round "5.7"]
[White "Coates, Kenneth G"]
[Black "Galloway, Iain"]
[Result "1-0"]
[WhiteElo "2169"]
[BlackElo "2118"]
[PlyCount "135"]
[EventDate "2003.03.08"]

1. e4 c5 2. c3 Nf6 3. e5 Nd5 4. d4 cxd4 5. Nf3 Nc6 6. Bc4 Nb6 7. Bb3 d5 8. exd6
Qxd6 9. O-O Be6 10. Na3 Bxb3 11. axb3 e6 12. Nb5 Qd7 13. Nfxd4 O-O-O 14. Bf4 e5
15. Nxc6 bxc6 16. Nxa7+ Kb7 17. Qxd7+ Rxd7 18. Bxe5 f6 19. Bd4 Bd6 20. Ra2 Ra8
21. Rfa1 c5 22. Be3 Bb8 23. Bxc5 Rxa7 24. g3 Rxa2 25. Rxa2 Rd2 26. Kg2 Nd5 27.
Bd4 Nb4 28. Be3 Rxf2+ 29. Kxf2 Nxa2 30. Ke2 h5 31. Kd3 h4 32. gxh4 Bxh2 33. h5
f5 34. Bd4 Nc1+ 35. Kc2 Ne2 36. Bxg7 f4 37. h6 f3 38. h7 f2 39. h8=Q f1=Q 40.
Qxh2 Qf5+ 41. Kd2 Nf4 42. Qg3 Qd5+ 43. Bd4 Ne6 44. Qe5 Qxb3 45. c4 Qb4+ 46. Bc3
Qe7 47. Qd5+ Kb8 48. b4 Nc7 49. Qf5 Qd6+ 50. Kc2 Qh2+ 51. Kb3 Qe2 52. b5 Kb7
53. Kb4 Qg2 54. Qd3 Qh1 55. Bd2 Qh8 56. Qe4+ Kc8 57. Bc3 Qf8+ 58. c5 Qf1 59.
Qc4 Qb1+ 60. Ka5 Qc1 61. Qg8+ Kd7 62. c6+ Kd6 63. Bb4+ Ke5 64. Qg7+ Kd5 65.
Qxc7 Qa1+ 66. Kb6 Qd4+ 67. Kb7 Qxb4 68. Qd7+ 1-0

[Event "4NCL/Div2/GUI2 vs. BAR3"]
[Site "Telford ENG"]
[Date "2003.03.08"]
[Round "5.8"]
[White "Macnab, Louise C"]
[Black "Forintos-Kosten, Gyongyver"]
[Result "1-0"]
[WhiteElo "1944"]
[BlackElo "1528"]
[PlyCount "113"]
[EventDate "2003.03.08"]

1. d4 d5 2. c4 Nc6 3. cxd5 Qxd5 4. Nf3 e5 5. Nc3 Bb4 6. e3 exd4 7. Nxd4 Nxd4 8.
Qxd4 Qxd4 9. exd4 Be6 10. Be2 Nf6 11. O-O O-O 12. Bf3 c6 13. Rd1 Bg4 14. Bxg4
Nxg4 15. a3 Bd6 16. h3 Nf6 17. d5 Nxd5 18. Nxd5 cxd5 19. Rxd5 Rfd8 20. Kf1 Be7
21. Rxd8+ Rxd8 22. Be3 a6 23. Rc1 Bf6 24. Rc2 g6 25. b4 Rd7 26. Bh6 Rd8 27. Rc7
Rb8 28. Bf4 Bg7 29. Rd7 Re8 30. Rxb7 Bb2 31. a4 Kg7 32. b5 axb5 33. axb5 Bc3
34. Be3 h5 35. b6 Rd8 36. Ke2 Bd4 37. Rc7 Bxe3 38. Kxe3 Rd6 39. b7 Rb6 40. Kd4
Rb2 41. Kc5 Kf6 42. Kc6 Ke6 43. Rc8 Rc2+ 44. Kb6 Rb2+ 45. Ka7 Ra2+ 46. Kb8 Rxf2
47. Rc7 Rxg2 48. Kc8 Rb2 49. b8=Q Rxb8+ 50. Kxb8 f5 51. Rc6+ Ke5 52. Rxg6 f4
53. Rg5+ Ke4 54. Rxh5 f3 55. Rh8 Kf4 56. h4 Kg4 57. h5 1-0

[Event "4NCL/Div2/3CS1 vs. KHE"]
[Site "Telford ENG"]
[Date "2003.03.08"]
[Round "5.1"]
[White "Davies, Nigel R"]
[Black "McMichael, Richard"]
[Result "1-0"]
[WhiteElo "2483"]
[BlackElo "2294"]
[PlyCount "53"]
[EventDate "2003.03.08"]

1. d4 e6 2. c4 f5 3. g3 Nf6 4. Bg2 d5 5. Nh3 c6 6. O-O Bd6 7. Bf4 Be7 8. Nd2
O-O 9. Qc2 Bd7 10. Nf3 Nh5 11. Bd2 h6 12. Ne5 Be8 13. f3 Nd7 14. g4 Nhf6 15.
Nf4 Nxe5 16. dxe5 Qb6+ 17. Kh1 Nd7 18. Nxe6 Rf7 19. f4 d4 20. gxf5 c5 21. Bd5
Nf8 22. e4 dxe3 23. Bxe3 Bc6 24. Rg1 Kh8 25. Qg2 Nh7 26. Raf1 a5 27. Rf3 1-0

[Event "4NCL/Div2/3CS1 vs. KHE"]
[Site "Telford ENG"]
[Date "2003.03.08"]
[Round "5.2"]
[White "Thomas, Richard H"]
[Black "Arkell, Keith C"]
[Result "1-0"]
[WhiteElo "2204"]
[BlackElo "2527"]
[PlyCount "119"]
[EventDate "2003.03.08"]

1. d4 e6 2. Nf3 Nf6 3. g3 b5 4. Bg2 Bb7 5. O-O c5 6. a4 b4 7. c3 Na6 8. Bg5 Be7
9. Nbd2 O-O 10. Re1 d5 11. Ne5 h6 12. Bxf6 Bxf6 13. f4 Qc7 14. e3 Rfc8 15. Qh5
Bxe5 16. fxe5 cxd4 17. cxd4 Qc2 18. Re2 Qf5 19. Qxf5 exf5 20. Nb3 Rab8 21. Rf2
g6 22. Bf1 Rc7 23. Bb5 Rbc8 24. Bxa6 Bxa6 25. Nc5 Rxc5 26. dxc5 Rxc5 27. Rf4 b3
28. Rb4 Bc4 29. Rb8+ Kg7 30. Rb7 a6 31. e6 Kf6 32. exf7 Rc8 33. Rc1 Rf8 34. a5
Rxf7 35. Rxf7+ Kxf7 36. Kf2 Ke6 37. h3 Kd6 38. g4 Ke5 39. Rd1 fxg4 40. hxg4 h5
41. gxh5 gxh5 42. Rd4 Kd6 43. Ke1 Kc5 44. Rh4 Kb4 45. Rxh5 Kxa5 46. e4 Kb6 47.
e5 Kc6 48. Rh6+ Kd7 49. Kd2 Ke7 50. Kc3 Kd7 51. Kd4 Ke7 52. Kc5 Kd7 53. Rd6+
Ke7 54. Kc6 Ke8 55. Kb6 Ke7 56. Kc7 a5 57. Kb6 a4 58. Kc5 a3 59. bxa3 Bb5 60.
Rb6 1-0

[Event "4NCL/Div2/3CS1 vs. KHE"]
[Site "Telford ENG"]
[Date "2003.03.08"]
[Round "5.3"]
[White "Clarke, Stuart W"]
[Black "Mackenzie, Colin"]
[Result "1-0"]
[WhiteElo "2287"]
[BlackElo "2155"]
[PlyCount "75"]
[EventDate "2003.03.08"]

1. e4 e6 2. d4 d5 3. Nd2 c5 4. exd5 exd5 5. Ngf3 Nc6 6. Bb5 Bd6 7. dxc5 Bxc5 8.
Nb3 Bd6 9. O-O Nge7 10. c3 O-O 11. Bg5 Bg4 12. Bh4 Qb6 13. Be2 Nf5 14. Qxd5
Bxf3 15. Bxf3 Nxh4 16. Qxd6 Nxf3+ 17. gxf3 Rad8 18. Qf4 a5 19. Rfe1 Rd5 20. Re2
h6 21. Kh1 Rg5 22. Rd1 Qb5 23. Rde1 Rd8 24. c4 Qf5 25. Re8+ Rxe8 26. Rxe8+ Kh7
27. Qxf5+ Rxf5 28. Kg2 a4 29. Nd2 a3 30. bxa3 Ra5 31. Re3 Nd4 32. Nb3 Rg5+ 33.
Kf1 Nc2 34. Re7 Nxa3 35. c5 Nc4 36. Rxb7 Rd5 37. c6 Nd6 38. Rd7 1-0

[Event "4NCL/Div2/3CS1 vs. KHE"]
[Site "Telford ENG"]
[Date "2003.03.08"]
[Round "5.4"]
[White "O'Shaughnessy, Conor"]
[Black "Ashton, Adam G"]
[Result "0-1"]
[WhiteElo "2207"]
[BlackElo "2175"]
[PlyCount "68"]
[EventDate "2003.03.08"]

1. Nf3 Nf6 2. b3 g6 3. Bb2 Bg7 4. c4 d6 5. e3 e5 6. Be2 O-O 7. d4 Nc6 8. dxe5
Ng4 9. h3 Ngxe5 10. Nc3 Nxf3+ 11. Bxf3 Ne5 12. Be2 Be6 13. Qd2 a5 14. O-O Nd7
15. f4 Nc5 16. Bf3 a4 17. Ne4 axb3 18. Bxg7 Kxg7 19. axb3 Nxe4 20. Bxe4 Qf6 21.
Rxa8 Rxa8 22. Qd3 Bc8 23. Re1 Ra1 24. Rxa1 Qxa1+ 25. Kf2 Qb2+ 26. Qc2 Qf6 27.
Kf3 h5 28. Qd2 h4 29. Qa5 b6 30. Qa8 Be6 31. Qc6 Qa1 32. Bd3 Qd1+ 33. Be2 Qe1
34. Qxc7 Bf5 0-1

[Event "4NCL/Div2/3CS1 vs. KHE"]
[Site "Telford ENG"]
[Date "2003.03.08"]
[Round "5.5"]
[White "Kosteniuk, Oxana"]
[Black "Okike, David C"]
[Result "1-0"]
[WhiteElo "2184"]
[BlackElo "2163"]
[PlyCount "123"]
[EventDate "2003.03.08"]

1. e4 e6 2. Nf3 d5 3. Nc3 Nf6 4. e5 Nfd7 5. d4 c5 6. dxc5 Bxc5 7. Bd3 Nc6 8.
Bf4 a6 9. O-O h6 10. Bg3 b5 11. a3 Bb7 12. Re1 Nb6 13. Nd2 h5 14. Nb3 Be7 15.
h3 Nc4 16. Rb1 Rc8 17. Qe2 N6a5 18. Nxa5 Qxa5 19. Nd1 Qb6 20. Kh1 g5 21. Ne3 g4
22. hxg4 h4 23. Bh2 h3 24. f3 hxg2+ 25. Kxg2 Bg5 26. Bxc4 dxc4 27. Bg3 Qd4 28.
Kf1 Rh3 29. Kg2 Rh8 30. c3 Qc5 31. Rbd1 a5 32. Nc2 Rg8 33. Rd4 Qc6 34. Red1 Be7
35. Rf4 Bg5 36. Rfd4 Rd8 37. Rxd8+ Bxd8 38. Ne3 Bb6 39. Kf2 Bc5 40. Rh1 b4 41.
axb4 axb4 42. cxb4 Bd4 43. Rd1 Rxg4 44. b5 Qd5 45. Ke1 Bxe3 46. Rxd5 Rxg3 47.
Qxe3 Bxd5 48. Kf2 Rh3 49. Kg2 Rh4 50. b6 f5 51. exf6 Rh7 52. Qg5 Kf8 53. Qe5
Rb7 54. Qd4 Kf7 55. Kg3 Kg6 56. Kf4 Rf7 57. Ke5 Rxf6 58. Qg4+ Kf7 59. f4 Bc6
60. Qh5+ Kg7 61. Qg5+ Rg6 62. Qe7+ 1-0

[Event "4NCL/Div2/3CS1 vs. KHE"]
[Site "Telford ENG"]
[Date "2003.03.08"]
[Round "5.6"]
[White "Grigoryan, Meri"]
[Black "Walton, Alan J"]
[Result "1-0"]
[WhiteElo "2023"]
[BlackElo "2144"]
[PlyCount "65"]
[EventDate "2003.03.08"]

1. e4 e6 2. b3 d5 3. exd5 exd5 4. Bb2 Nf6 5. Nf3 Bg4 6. Be2 Bd6 7. d3 Nbd7 8.
Nbd2 c5 9. h3 Bh5 10. d4 O-O 11. O-O Re8 12. Re1 Qc7 13. c4 Ne4 14. cxd5 Nxf2
15. Kxf2 Bg3+ 16. Kg1 Qf4 17. Kh1 Bxe1 18. Qxe1 Nf6 19. Qf2 Nxd5 20. dxc5 Ne3
21. Nf1 Rad8 22. Bb5 Re6 23. Nxe3 Rxe3 24. Qh4 Qxh4 25. Nxh4 Rd2 26. Bxg7 Re4
27. Bh6 Rd5 28. Nf3 Bxf3 29. gxf3 Rh4 30. Rg1+ Kh8 31. Bg7+ Kg8 32. Bf6+ Kf8
33. Bxh4 1-0

[Event "4NCL/Div2/3CS1 vs. KHE"]
[Site "Telford ENG"]
[Date "2003.03.08"]
[Round "5.7"]
[White "Gordon, Stephen J"]
[Black "McVicar, John"]
[Result "1-0"]
[WhiteElo "2159"]
[BlackElo "1888"]
[PlyCount "57"]
[EventDate "2003.03.08"]

1. c4 c5 2. g3 Nc6 3. Bg2 g6 4. Nc3 Bg7 5. a3 e6 6. Rb1 Nge7 7. b4 cxb4 8. axb4
d6 9. Nf3 O-O 10. O-O a6 11. d4 d5 12. c5 Na7 13. b5 Nxb5 14. Nxb5 axb5 15.
Rxb5 Nc6 16. Bf4 Nxd4 17. Nxd4 e5 18. Be3 exd4 19. Bxd4 Bxd4 20. Qxd4 Qe7 21.
e3 Be6 22. Rfb1 Rfc8 23. Bxd5 Bxd5 24. Qxd5 Ra7 25. h4 h5 26. Kg2 Rc7 27. R1b4
Ra6 28. Rxb7 Qxc5 29. Qd8+ 1-0

[Event "4NCL/Div2/SWD2 vs. NWE1"]
[Site "Telford ENG"]
[Date "2003.03.08"]
[Round "5.1"]
[White "Spice, Alan"]
[Black "Shaw, John K"]
[Result "0-1"]
[WhiteElo "2163"]
[BlackElo "2470"]
[PlyCount "38"]
[EventDate "2003.03.08"]

1. Nc3 c5 2. f4 Nc6 3. g3 d5 4. Bg2 Nf6 5. d3 e5 6. fxe5 Nxe5 7. Bg5 d4 8. Nd5
Be7 9. Nxe7 Qxe7 10. c3 O-O 11. cxd4 cxd4 12. Nf3 Neg4 13. h3 Ne3 14. Bxe3 dxe3
15. Qa4 Nh5 16. g4 Ng3 17. Rg1 f5 18. gxf5 Bxf5 19. Qf4 Nxe2 0-1

[Event "4NCL/Div2/SWD2 vs. NWE1"]
[Site "Telford ENG"]
[Date "2003.03.08"]
[Round "5.2"]
[White "Hanley, Craig A"]
[Black "Trevelyan, John"]
[Result "1-0"]
[WhiteElo "2359"]
[BlackElo "2191"]
[PlyCount "81"]
[EventDate "2003.03.08"]

1. e4 d6 2. d4 e5 3. Nf3 Nf6 4. Nc3 Nbd7 5. Bc4 Be7 6. O-O O-O 7. Re1 c6 8. a4
h6 9. b3 Nh7 10. Ne2 Ng5 11. Nxg5 hxg5 12. Be3 g6 13. Qd2 Kg7 14. Rad1 Rh8 15.
Ng3 Bf6 16. b4 b6 17. dxe5 dxe5 18. Qd6 Nb8 19. b5 Bb7 20. Qb4 Qe7 21. Qb3 Nd7
22. Bxf7 Rad8 23. bxc6 Qxf7 24. Qxf7+ Kxf7 25. cxb7 Ke6 26. a5 bxa5 27. Bxa7
Be7 28. Rd5 Nb8 29. c4 Nc6 30. Rb1 Bb4 31. Bc5 Bxc5 32. Rxc5 Kd6 33. Rd5+ Kc7
34. Ne2 Rb8 35. Rdb5 Rhd8 36. Nc3 Rd4 37. Nd5+ Kd7 38. f3 g4 39. Nf6+ Kc7 40.
Nxg4 Rxc4 41. Nxe5 1-0

[Event "4NCL/Div2/SWD2 vs. NWE1"]
[Site "Telford ENG"]
[Date "2003.03.08"]
[Round "5.3"]
[White "Gilbert, Jonathan A"]
[Black "Crouch, Colin S"]
[Result "0-1"]
[WhiteElo "2087"]
[BlackElo "2388"]
[PlyCount "68"]
[EventDate "2003.03.08"]

1. e4 Nf6 2. e5 Nd5 3. d4 d6 4. Nf3 Bg4 5. Be2 c6 6. c4 Nc7 7. exd6 Qxd6 8. Nc3
Bxf3 9. Bxf3 e5 10. dxe5 Qxe5+ 11. Be3 Bc5 12. O-O O-O 13. Bxc5 Qxc5 14. Ne4
Qxc4 15. b3 Qb4 16. Re1 Nba6 17. a3 Qe7 18. Ng3 Qf6 19. Nh5 Qh6 20. Re4 Rad8
21. Qc2 Ne6 22. Qc3 Nac7 23. Rae1 Nd5 24. Qe5 Ng5 25. Rg4 f6 26. Qg3 Qxh5 27.
Bxd5+ cxd5 28. h4 Ne4 29. Rxg7+ Kh8 30. Qc7 Qh6 31. Rf7 Rg8 32. Re3 Rc8 33. Qd7
Rc1+ 34. Kh2 Nxf2 0-1

[Event "4NCL/Div2/SWD2 vs. NWE1"]
[Site "Telford ENG"]
[Date "2003.03.08"]
[Round "5.4"]
[White "Quillan, Gary"]
[Black "May, Frank"]
[Result "1-0"]
[WhiteElo "2305"]
[BlackElo "2161"]
[PlyCount "83"]
[EventDate "2003.03.08"]

1. e4 c6 2. d4 d5 3. exd5 cxd5 4. c4 Nf6 5. Nc3 g6 6. Qb3 Bg7 7. cxd5 O-O 8.
Be2 Na6 9. Bg5 Qb6 10. Qxb6 axb6 11. d6 exd6 12. Nf3 Nb4 13. O-O Be6 14. Bf4
Rfd8 15. Ng5 Bf5 16. Rfd1 h6 17. Nf3 Nfd5 18. Nxd5 Nxd5 19. Bg3 Kf8 20. Bc4 Be6
21. Rac1 Rac8 22. Re1 Bf6 23. h3 Bg5 24. Nxg5 hxg5 25. f3 Rc6 26. Bb3 b5 27.
Rcd1 Rcc8 28. Rd2 Rd7 29. Kh2 Kg7 30. a3 Kf8 31. Bf2 Kg7 32. Be3 Kf6 33. Bf2
Kg7 34. Bg3 Kf8 35. Bc2 Kg7 36. Bd3 Nc7 37. Rc2 Re8 38. Rec1 Ree7 39. Re2 Re8
40. Rec2 Ree7 41. Re2 Re8 42. d5 1-0

[Event "4NCL/Div2/SWD2 vs. NWE1"]
[Site "Telford ENG"]
[Date "2003.03.08"]
[Round "5.5"]
[White "Binks, Michael"]
[Black "Carleton, John J"]
[Result "0-1"]
[WhiteElo "2149"]
[BlackElo "2266"]
[PlyCount "88"]
[EventDate "2003.03.08"]

1. d4 d5 2. c4 e6 3. Nc3 Bb4 4. Nf3 Nc6 5. Bg5 f6 6. cxd5 exd5 7. Bd2 Nge7 8.
e3 O-O 9. h3 Kh8 10. a3 Bd6 11. Bd3 Be6 12. Qc2 Bg8 13. O-O Qd7 14. Nb5 a6 15.
Nxd6 Qxd6 16. Rfc1 Rfc8 17. Qb3 Bf7 18. Rc2 Bg6 19. Bxg6 hxg6 20. Rac1 Qd7 21.
Ne1 Nd8 22. Nd3 c6 23. Ba5 Ne6 24. Bb6 Nf5 25. Bc5 Re8 26. Rc3 Ng5 27. Qd1 Re4
28. Nf4 Qf7 29. Qg4 Kh7 30. h4 Ne6 31. g3 Nxf4 32. gxf4 Nh6 33. Qg3 Rh8 34. Kg2
Qe6 35. Kf3 Nf5 36. Qg4 Nxh4+ 37. Qxh4+ Kg8 38. Qxh8+ Kxh8 39. Rb3 b5 40. a4 g5
41. axb5 axb5 42. Ra3 Rxf4+ 43. Ke2 Qg4+ 44. Kd3 Rxf2 0-1

[Event "4NCL/Div2/SWD2 vs. NWE1"]
[Site "Telford ENG"]
[Date "2003.03.08"]
[Round "5.6"]
[White "Richards, Heather"]
[Black "Brown, Alan M"]
[Result "1/2-1/2"]
[WhiteElo "2221"]
[BlackElo "2133"]
[PlyCount "75"]
[EventDate "2003.03.08"]

1. e4 e6 2. d4 d5 3. Nc3 Bb4 4. e5 b6 5. Qg4 Bf8 6. Nf3 Ne7 7. Bg5 Ba6 8. O-O-O
Qd7 9. Nh4 Ng6 10. f4 Bxf1 11. Rhxf1 c5 12. f5 Nxh4 13. Bxh4 Nc6 14. fxe6 fxe6
15. Ne2 Nxd4 16. Nf4 Be7 17. Qxg7 Rf8 18. Bxe7 Qxe7 19. Qg4 O-O-O 20. c3 Nf5
21. Nxd5 Qf7 22. Qe2 Rxd5 23. Rxd5 exd5 24. g4 Qe6 25. Qf3 Qxe5 26. gxf5 Rf6
27. Qg3 Qe8 28. Re1 Qf7 29. Re5 Kd7 30. Qf3 Kd6 31. Qf4 Kd7 32. Qf3 Kd6 33. Qg3
Kd7 34. Qd3 Kd6 35. Qg3 Kd7 36. Qf3 Kd6 37. Qf4 Kd7 38. Qf3 1/2-1/2

[Event "4NCL/Div2/SWD2 vs. NWE1"]
[Site "Telford ENG"]
[Date "2003.03.08"]
[Round "5.7"]
[White "Miles, Richard"]
[Black "Kennaugh, Charles W"]
[Result "0-1"]
[WhiteElo "2078"]
[BlackElo "2290"]
[PlyCount "68"]
[EventDate "2003.03.08"]

1. c4 e5 2. Nc3 Bb4 3. g3 Bxc3 4. dxc3 d6 5. Bg2 f5 6. e4 Nc6 7. Ne2 Nf6 8.
exf5 Bxf5 9. O-O O-O 10. Be3 Qd7 11. Qd2 Kh8 12. Rad1 Rad8 13. Nc1 Qf7 14. b3
Qh5 15. f3 Bd7 16. Nd3 Rde8 17. Nf2 b6 18. Ne4 Nxe4 19. fxe4 Ne7 20. Rf2 Bc6
21. Rdf1 Kg8 22. Qe2 Qg6 23. Bc1 h6 24. b4 Rxf2 25. Qxf2 Kh7 26. Qf7 Qxf7 27.
Rxf7 Kg6 28. Rf1 Ng8 29. c5 dxc5 30. bxc5 Nf6 31. cxb6 axb6 32. Re1 Ra8 33. c4
Rxa2 34. c5 b5 0-1

[Event "4NCL/Div2/SWD2 vs. NWE1"]
[Site "Telford ENG"]
[Date "2003.03.08"]
[Round "5.8"]
[White "Hague, Ben"]
[Black "Evans-Quek, Debbie"]
[Result "1-0"]
[WhiteElo "2233"]
[BlackElo "2024"]
[PlyCount "69"]
[EventDate "2003.03.08"]

1. e4 d6 2. d4 g6 3. Nc3 Bg7 4. Be3 a6 5. a4 Nc6 6. d5 Nb8 7. Nf3 c6 8. a5 Bg4
9. Be2 Nf6 10. Nd2 Bxe2 11. Qxe2 Nbd7 12. O-O O-O 13. h3 Qc7 14. Nc4 c5 15. f4
b5 16. axb6 Nxb6 17. Ra2 Nh5 18. Kh2 Bxc3 19. bxc3 Nxc4 20. Qxc4 Nf6 21. Qd3
Nd7 22. c4 Rfb8 23. Bd2 Rb7 24. Bc3 Rba7 25. Qg3 a5 26. e5 a4 27. e6 fxe6 28.
dxe6 Nf6 29. Qh4 d5 30. Be5 Qc6 31. f5 d4 32. Ra3 Qe4 33. Bxf6 Qxc2 34. Be5
Qxc4 35. Qh6 1-0

[Event "4NCL/Div2/ATH1 vs. WRO1"]
[Site "Telford ENG"]
[Date "2003.03.09"]
[Round "6.1"]
[White "Van de Grient, Jan W"]
[Black "Dunnington, Angus J"]
[Result "1-0"]
[WhiteElo "2365"]
[BlackElo "2388"]
[PlyCount "77"]
[EventDate "2003.03.09"]

1. d4 d6 2. e4 g6 3. Nc3 c6 4. Be3 Nd7 5. Qd2 Ngf6 6. f3 b5 7. d5 cxd5 8. Bxb5
dxe4 9. Bc6 Rb8 10. Bxa7 Rxb2 11. Na4 Rxc2 12. Qxc2 Qa5+ 13. Qc3 Qxa7 14. Bxe4
Ba6 15. Rc1 e6 16. Bc6 Ke7 17. Bxd7 Nxd7 18. Ne2 Bxe2 19. Kxe2 Qxa4 20. Qxh8
Qxa2+ 21. Kf1 Ne5 22. Qxh7 Nd3 23. Qh4+ Kd7 24. Rd1 Qc2 25. Ra1 Kc7 26. h3 Bg7
27. Qe7+ Kc6 28. Ra6+ Kb5 29. Qb7+ Kc4 30. Rc6+ Nc5 31. Rxc5+ dxc5 32. Qe4+
Qxe4 33. fxe4 Kd3 34. Kf2 c4 35. Rd1+ Kxe4 36. Ke2 Bd4 37. g3 e5 38. g4 f5 39.
gxf5 {time} 1-0

[Event "4NCL/Div2/ATH1 vs. WRO1"]
[Site "Telford ENG"]
[Date "2003.03.09"]
[Round "6.2"]
[White "McFarland, Robert S"]
[Black "Wade, Robert G"]
[Result "1/2-1/2"]
[WhiteElo "2292"]
[BlackElo "2213"]
[PlyCount "49"]
[EventDate "2003.03.09"]

1. Nf3 d6 2. g3 Bg4 3. Bg2 c6 4. d4 Nd7 5. c4 e5 6. Nc3 Be7 7. h3 Bh5 8. Be3 f5
9. dxe5 Bxf3 10. exf3 Nxe5 11. Qe2 Nf6 12. f4 Nf7 13. Bd4 O-O 14. O-O-O Qd7 15.
Bf3 Rfe8 16. g4 fxg4 17. hxg4 g6 18. g5 Nh5 19. Bg4 Nxf4 20. Qf3 Ne6 21. Qxf7+
Kxf7 22. Rxh7+ Kg8 23. Bxe6+ Qxe6 24. Rh8+ Kf7 25. Rh7+ 1/2-1/2

[Event "4NCL/Div2/ATH1 vs. WRO1"]
[Site "Telford ENG"]
[Date "2003.03.09"]
[Round "6.3"]
[White "Stevenson, James AB"]
[Black "Gayson, Peter M"]
[Result "1/2-1/2"]
[WhiteElo "2124"]
[BlackElo "2257"]
[PlyCount "31"]
[EventDate "2003.03.09"]

1. Nc3 c5 2. e4 e6 3. g3 d5 4. exd5 exd5 5. Bg2 Nf6 6. Nge2 d4 7. Ne4 Be7 8.
Nxf6+ Bxf6 9. Nf4 O-O 10. O-O Nc6 11. Re1 Bf5 12. d3 Rc8 13. Nd5 Be6 14. Nf4
Bf5 15. Nd5 Be6 16. Nf4 1/2-1/2

[Event "4NCL/Div2/ATH1 vs. WRO1"]
[Site "Telford ENG"]
[Date "2003.03.09"]
[Round "6.4"]
[White "Gourlay, Iain"]
[Black "McKeown, Paul"]
[Result "1/2-1/2"]
[WhiteElo "2257"]
[BlackElo "2043"]
[PlyCount "105"]
[EventDate "2003.03.09"]

1. Nf3 d5 2. g3 Nf6 3. Bg2 c6 4. b3 Bg4 5. Bb2 Nbd7 6. d3 e6 7. O-O Bd6 8. Nbd2
O-O 9. e4 dxe4 10. dxe4 Qc7 11. Nc4 Be7 12. h3 Bh5 13. Qe1 b5 14. Nce5 Bg6 15.
Nxd7 Nxd7 16. Nd2 e5 17. f4 f6 18. Kh1 Bc5 19. Nf3 exf4 20. gxf4 Rae8 21. Nh4
Bh5 22. Nf5 Bg6 23. Nh4 Bh5 24. Qg3 Qb6 25. Rae1 b4 26. Nf5 Bg6 27. Nh4 Bh5 28.
Nf5 Bg6 29. Nxg7 Kxg7 30. f5 Ne5 31. fxg6 hxg6 32. Bxe5 fxe5 33. Rxf8 Bxf8 34.
Rf1 Qc5 35. h4 Qd6 36. Bh3 Be7 37. h5 g5 38. Bg4 Rf8 39. Bf5 Kh6 40. Qg4 Qd2
41. Qg1 Qd4 42. Qg2 Bc5 43. Rf3 Qd1+ 44. Kh2 Rd8 45. Bg4 Qe1 46. Rd3 Rf8 47.
Bf5 Bd4 48. Qg3 Qe2+ 49. Qg2 Qxg2+ 50. Kxg2 c5 51. Rf3 a5 52. Kf1 Kg7 53. Ke2
1/2-1/2

[Event "4NCL/Div2/ATH1 vs. WRO1"]
[Site "Telford ENG"]
[Date "2003.03.09"]
[Round "6.5"]
[White "Gruettner, Ralf"]
[Black "Thurlow, Kevin J"]
[Result "1-0"]
[WhiteElo "2053"]
[BlackElo "2203"]
[PlyCount "51"]
[EventDate "2003.03.09"]

1. d4 Nf6 2. c4 e6 3. Nc3 d5 4. cxd5 exd5 5. Bg5 c6 6. e3 Be7 7. Bd3 h6 8. Bh4
Be6 9. Nge2 Nbd7 10. O-O O-O 11. Nf4 Rc8 12. Rc1 c5 13. Bb1 g5 14. Nxe6 fxe6
15. Bg3 a6 16. Qd3 Qe8 17. a4 Rc6 18. f4 Bd6 19. fxg5 Bxg3 20. gxf6 Bxh2+ 21.
Kxh2 Nxf6 22. e4 cxd4 23. exd5 exd5 24. Nxd5 Rxc1 25. Nxf6+ Rxf6 26. Qh7+ 1-0